Análisis crítico de la directiva para la educación
Bewaard in:
| Hoofdauteur: | |
|---|---|
| Formaat: | Boek |
| Taal: | Spaans |
| Gepubliceerd in: |
Santiago
Universidad Católica de Chile
1974
|
| Reeks: | Documento de Estudio, 1
|
| Onderwerpen: | |
| Tags: |
Voeg label toe
Geen labels, Wees de eerste die dit record labelt!
|
MARC
| LEADER | 00000nam a2200000 a 4500 | ||
|---|---|---|---|
| 001 | UCX9302 | ||
| 003 | CL-VaPUC | ||
| 008 | 940531e19740000CL |||||||||||||||||spa|d | ||
| 082 | 0 | 4 | |a 306.43 |b QUE |2 21 |
| 100 | 0 | |a Quer Antrich, Santiago |e author |9 326683 | |
| 245 | 1 | 0 | |a Análisis crítico de la directiva para la educación |
| 300 | |a 13 h | ||
| 942 | |c BK | ||
| 945 | |d 19940531 00:00:00 |a rbrito | ||
| 260 | |a Santiago |b Universidad Católica de Chile |c 1974 | ||
| 650 | 0 | |a Sociología de la educación |9 260380 | |
| 583 | |a last modification |c 19940531 00:00:00 |k Rodrigo Vera | ||
| 490 | 0 | |a Documento de Estudio, 1 | |
| 999 | |c 228583 |d 228581 | ||
| 952 | |0 0 |1 0 |4 0 |6 306_430000000000000_QUE_1974 |7 0 |8 P |9 228835 |a BIBEDU |b BIBEDU |c BIBEDU_PB |d 2019-11-15 |i 2966395 |o 306.43 QUE 1974 |p 2966395 |r 2024-01-25 |w 2019-11-15 |y BK |k EDU | ||